Lord of the Mysteries - The Justiciar Pathway - Statistics

General Stats
  • This quiz has been taken 21 times
  • The average score is 7 of 10
Answer Stats
Sequence Number Name of Potion % Correct
Sequence 8 Sheriff
95%
Sequence 9 Arbiter
89%
Sequence 0 The Justiciar
84%
Sequence 6 Judge
79%
Sequence 4 Imperative Mage
63%
Sequence 7 Interrogator
63%
Sequence 5 Disciplinary Paladin
58%
Sequence 1 Hand Of Order
58%
Sequence 2 Balancer
53%
Sequence 3 Chaos Hunter
47%
No matching quizzes found
Score Distribution
Percent of People with Each Score
Percentile by Number Answered
Your Score History
You have not taken this quiz